| 000 | 004670000a22001330004500 | ||
|---|---|---|---|
| 090 |
_aAR _b04300 |
||
| 245 | 1 | 0 |
_aFamilia Gerridae (Heteroptera) _sestudio comparativo de las alas de las especies argentinas, chilenas y uruguayas |
| 041 | 0 | _aEspañol | |
| 500 | _a<Literatura de escarabajos coprófagos> | ||
| 700 | 1 |
_aBachmann, Axel O. _998146 |
|
| 100 | 1 |
_aMazzucconi, Silvia A. _998147 |
|
| 942 | _cARTICULO | ||
| 773 | 1 |
_tRev. Soc. Entomol. Argent. _h1-4 _q87-99 _d1993 _g52 |
|
| 999 |
_c13397 _d13397 |
||